Cartas inéditas de Olmedo / (Record no. 160991)

MARC details
000 -LEADER
campo de control de longitud fija 00802nam a22001935i 4500
001 - NÚMERO DE CONTROL
campo de control 160991
003 - IDENTIFICADOR DE NÚMERO DE CONTROL
campo de control ES-MaACL
005 - FECHA Y HORA DE LA ÚLTIMA TRANSACCIÓN
campo de control 20251014063233.0
008 - DATOS DE LONGITUD FIJA--INFORMACIÓN GENERAL
campo de control de longitud fija 990209s1892 ec |||| | spa d
040 ## - FUENTE DE CATALOGACIÓN
Centro catalogador/agencia de origen CCPB | B
Lengua de catalogación spa
Centro/agencia transcriptor CCPB | B
100 1# - ENTRADA PRINCIPAL--NOMBRE DE PERSONA
Nombre de persona Olmedo, José Joaquín de,
Fechas asociadas al nombre 1780-1847
9 (RLIN) 86954
245 10 - MENCIÓN DEL TÍTULO
Título Cartas inéditas de Olmedo /
Mención de responsabilidad, etc. precedidas de un breve estudio sobre ellas por Juan León Mera.
260 ## - PUBLICACIÓN, DISTRIBUCIÓN, ETC.
Lugar de publicación, distribución, etc. Quito :
Nombre del editor, distribuidor, etc. [s.n.],
Fecha de publicación, distribución, etc. 1892 (
Fabricante Imprenta de la Universidad)
300 ## - DESCRIPCIÓN FÍSICA
Extensión 17 p. ;
Dimensiones 25 cm.
600 14 - PUNTO DE ACCESO ADICIONAL DE MATERIA--NOMBRE DE PERSONA
Nombre de persona Olmedo, José Joaquín de,
Fechas asociadas al nombre 1780-1847
9 (RLIN) 86954
700 1# - ENTRADA AGREGADA--NOMBRE PERSONAL
Nombre de persona Mera, Juan León.
9 (RLIN) 80401
852 ## - LOCALIZACIÓN
Ubicación ES-MaACL
Número de control de estantería T-662-F-5
Nota libre -- Enc. hol.
-- -- An. ms.: ded. del autor al Ateneo de Madrid
condición física -- Falto de la cub. original
Nota libre -- Enc. en un vol. facticio
Holdings
Estatus retirado Estado de pérdida Estado de daño No para préstamo Colección Biblioteca de origen Biblioteca actual Ubicación en estantería Fecha de adquisición Total de préstamos Signatura topográfica completa Código de barras Visto por última vez Precio de reemplazo Tipo de ítem Koha
        Colección de folletos Biblioteca del Ateneo de Madrid Biblioteca del Ateneo de Madrid Depósito folletos 17/01/2008   T-662-F-5 1168603 23/02/2023 23/02/2023 Folleto